000 00601nam a2200193Ia 4500
003 GCL
008 140319s9999 xx 000 0 ara d
040 _aGCL /
_cGCL
082 0 4 _a814.9
_bا ك
100 1 _aاحمد بيضون
245 1 0 _aكلمن : من مفردات اللغة الى مركبات الثقافة /
_cاحمد بيضون
300 _a487 ص
490 _aالهيئة العامة للاستعلامات
_v0
650 0 4 _aالادب العربى
650 0 4 _aالمقالات
650 0 4 _aالثقافة العربية
650 0 4 _aالمجموعات
942 _2ddc
_cBK
999 _c47821
_d47821